Understanding personal,social, health and economic education in primary schools / (Record no. 137682)

MARC details
000 -LEADER
fixed length control field 00746nam a22002177a 4500
005 - DATE AND TIME OF LATEST TRANSACTION
control field 20170217114415.0
010 ## - LCCN (DPL NO)
LC control number ENG-117284
020 ## - INTERNATIONAL STANDARD BOOK NUMBER
International Standard Book Number 9789386062581
Terms of availability 695.00
035 ## - SYSTEM CONTROL NUMBER
System control number EN-100816
037 ## - SOURCE OF ACQUISITION
Source of stock number/acquisition DBAD/PUB
082 00 - DEWEY DECIMAL CLASSIFICATION NUMBER
Classification number 303.324
100 ## - MAIN ENTRY--PERSONAL NAME
Personal name Boddington,Nick
245 10 - TITLE STATEMENT
Title Understanding personal,social, health and economic education in primary schools /
Statement of responsibility, etc by Nick boddington, Adrian King [and] Jenny McWhirter
260 ## - PUBLICATION, DISTRIBUTION, ETC. (IMPRINT)
Place of publication, distribution, etc New Delhi
Name of publisher, distributor, etc SAGE Publications
Date of publication, distribution, etc 2014
270 ## - ADDRESS
Address B1/I-1 Mohan Cooperative Industrial Area, Mathura Road
City New Delhi
Postal code 110044
300 ## - PHYSICAL DESCRIPTION
Extent ix,283p. :
Dimensions 24cm(pbk)
Other physical details ill
500 ## - GENERAL NOTE
General note Includes index
700 ## - ADDED ENTRY--PERSONAL NAME
Personal name Adrian King
700 ## - ADDED ENTRY--PERSONAL NAME
Personal name Jenny McWhirter
942 ## - ADDED ENTRY ELEMENTS (KOHA)
Source of classification or shelving scheme Dewey Decimal Classification
Item type English Books
Classification part 303.324
Call number suffix BOD
Holdings
Withdrawn status Lost status Not for loan Collection code Home library Current library Date acquired Source of acquisition Cost, normal purchase price Full call number Barcode Copy number Cost, replacement price Koha item type
    Not For Loan Non-fiction D.B.Act.Division Bawana 17/02/2017 DBAD/PUB 695.00 303.324 BOD EN-100816 1 695.00 English Books

© Delhi Public Library
Hit Counter
free hit counter